000 00610nam a2200229Ia 4500
003 OSt
005 20221007070710.0
006 a|||||r|||| 00| 0
007 ta
008 221006b |||||||| |||| 00| 0 eng d
024 _a43,189
037 _cTextual
040 _aFLL
_cFLL
_beng
041 _2eng
_aeng
082 _aV2y7N23, Q4
100 _aAdelman S.
_9687583
245 0 _aThe rebel
_ba biography of Ram Jethmalani
260 _aGurgaon
_bSde penguin India
_c2014
300 _a607 xiv
_ccm.
942 _hV2y7N23, Q4
_cTEXL
_2CC
999 _c1141277
_d1141277